| 000 | 00595nam a22002177a 4500 | ||
|---|---|---|---|
| 999 |
_c458993 _d458993 |
||
| 001 | 216216977 | ||
| 003 | UA-OsUOA | ||
| 005 | 20200427130518.0 | ||
| 008 | 200427b un ||||| |||| 00| 0 ukr d | ||
| 040 |
_aUA-OsUOA _bukr _cUA-OsUOA _dUA-OsUOA |
||
| 041 | _aukr | ||
| 080 | _a821.161.2 | ||
| 090 |
_a821.161.2 _bМ91 |
||
| 100 | _aМустафин Р | ||
| 245 |
_aПо следам поэта - героя _cРафаэль Мустафин |
||
| 260 |
_aМосква _bДетская литература _c1971 |
||
| 300 | _a267 с. | ||
| 650 | _2821 | ||
| 942 |
_2udc _cBK |
||
| 955 | _a3 | ||